Ciencia y tecnología (Record no. 109806)

MARC details
000 -LEADER
campo de control de longitud fija 01037nam a2200265 i 4500
001 - NÚMERO DE CONTROL
campo de control 109806
003 - IDENTIFICADOR DE NÚMERO DE CONTROL
campo de control ES-MaACL
005 - FECHA Y HORA DE LA ÚLTIMA TRANSACCIÓN
campo de control 20250813111917.0
008 - DATOS DE LONGITUD FIJA--INFORMACIÓN GENERAL
campo de control de longitud fija 061121s1986 sp |||| | spa d
020 ## - NÚMERO INTERNACIONAL ESTÁNDAR DEL LIBRO
Número Internacional Estándar del Libro 84-03-40084-5
100 1# - ENTRADA PRINCIPAL--NOMBRE DE PERSONA
Nombre de persona Muñoz, Emilio,
Fechas asociadas al nombre 1937-
9 (RLIN) 164911
245 10 - MENCIÓN DEL TÍTULO
Título Ciencia y tecnología
Resto del título : una oportunidad para España /
Mención de responsabilidad, etc. Emilio Muñoz, Florencio Ornia ; prólogo de José María Maravall ; edición a cargo de José Luis Peset y Alberto Elordi ; colaboraron Arturo García Arroyo ... [et. al.].
260 ## - PUBLICACIÓN, DISTRIBUCIÓN, ETC.
Lugar de publicación, distribución, etc. Madrid :
Nombre del editor, distribuidor, etc. Ministerio de Educación y Ciencia,
Fecha de publicación, distribución, etc. 1986.
300 ## - DESCRIPCIÓN FÍSICA
Extensión 237 p. ;
Dimensiones 24 cm.
650 #4 - PUNTO DE ACCESO ADICIONAL DE MATERIA--TÉRMINO DE MATERIA
Término de materia o nombre geográfico como elemento de entrada Investigación-
Subdivisión geográfica España.
9 (RLIN) 13893
650 04 - PUNTO DE ACCESO ADICIONAL DE MATERIA--TÉRMINO DE MATERIA
Término de materia o nombre geográfico como elemento de entrada Ciencia-
Subdivisión geográfica España
9 (RLIN) 10941
650 04 - PUNTO DE ACCESO ADICIONAL DE MATERIA--TÉRMINO DE MATERIA
Término de materia o nombre geográfico como elemento de entrada Tecnología-
Subdivisión general España.
9 (RLIN) 17403
700 1# - ENTRADA AGREGADA--NOMBRE PERSONAL
Nombre de persona Ornia, Florencio.
9 (RLIN) 87308
700 1# - ENTRADA AGREGADA--NOMBRE PERSONAL
Nombre de persona Maravall, José María.
9 (RLIN) 76330
700 1# - ENTRADA AGREGADA--NOMBRE PERSONAL
Nombre de persona Peset, José Luis.
9 (RLIN) 91433
700 1# - ENTRADA AGREGADA--NOMBRE PERSONAL
Nombre de persona Elordi, Alberto.
9 (RLIN) 47071
700 1# - ENTRADA AGREGADA--NOMBRE PERSONAL
Nombre de persona García Arroyo, Arturo.
9 (RLIN) 54192
852 ## - LOCALIZACIÓN
Ubicación ES-MaACL
Número de control de estantería G-1533
Holdings
Estatus retirado Estado de pérdida Estado de daño No para préstamo Biblioteca de origen Biblioteca actual Ubicación en estantería Fecha de adquisición Fuente de adquisición Total de préstamos Signatura topográfica completa Código de barras Visto por última vez Precio de reemplazo Tipo de ítem Koha
        Biblioteca del Ateneo de Madrid Biblioteca del Ateneo de Madrid Depósito 2 17/01/2008     G-1533 1114569 23/02/2023 23/02/2023 Libro impreso